Katalog Plus
Bibliothek der Frankfurt UAS
Bald neuer Katalog: sichern Sie sich schon vorab Ihre persönlichen Merklisten im Nutzerkonto: Anleitung.

Contract Theory: Discrete- and Continuous-Time Models

Titel: Contract Theory: Discrete- and Continuous-Time Models / by Jaeyoung Sung
Verfasser:
Ausgabe: 1st ed. 2023
Veröffentlicht: Singapore : Springer Nature Singapore, 2023
Umfang: 1 Online-Ressource (XVII, 345 Seiten) : 21 illus., 8 illus. in color.
Format: E-Book
Sprache: Englisch
RVK-Notation:
Schlagworte:
Andere Ausgaben: Erscheint auch als Druck-Ausgabe: Sung, Jaeyoung. Contract Theory: Discrete- and Continuous-Time Models. - Singapore : Springer Nature Singapore, 2023
ISBN: 9789819954872 ; 9819954878 ; 978--981995486-5 ; 978--981995488-9 ; 978--981995489-6
Buchumschlag
X
alg: 51454004
001A    $06055:09-01-24 
001B    $06055:16-03-26 $t20:45:50.000 
001D    $06055:09-01-24 
001U    $0utf8 
001X    $00 
002@    $0Oax 
002C    $aText $btxt $2rdacontent 
002D    $aComputermedien $bc $2rdamedia 
002E    $aOnline-Ressource $bcr $2rdacarrier 
003@    $0514540044 
003O    $01419883190 $aOCoLC 
004A    $A978-981-99-5487-2 
004A    $0981-99-5487-8 
004E/04 $0SpringerNature-41170 $fSubject Collection Economics and Finance 
004E/04 $0SpringerNature-43720 $fSubject Collection Economics and Finance (R0) 
004O    $A978---981995486-5 $Sp 
004O    $A978---981995488-9 $Sp 
004O    $A978---981995489-6 $Sp 
004P    $010.1007/978-981-99-5487-2 $SV953 
007A    $0514540044 $aHEB 
007I    $0Springer978-981-99-5487-2 
009P    $qtext/html $3Inhaltsverzeichnis $uhttp://scans.hebis.de/HEBCGI/show.pl?51454004_toc.html $mX:DE-He213 
009P    $qtext/html $3Ausführliche Beschreibung $uhttp://scans.hebis.de/HEBCGI/show.pl?51454004_aub.html $mX:DE-He213 
009Q    $SV953 $uhttps://doi.org/10.1007/978-981-99-5487-2 $xR 
010@    $aeng 
010E    $erda 
011@    $a2023 
017B    $aZDB-2-ECF 
017B    $aZDB-2-SXEF 
021A    $aContract Theory: Discrete- and Continuous-Time Models $hby Jaeyoung Sung 
028A    $aSung $BVerfasser $dJaeyoung $4aut 
032@    $a1st ed. 2023 
033A    $pSingapore $nSpringer Nature Singapore 
033E    $pCham $nSpringer International Publishing AG 
034D    $a1 Online-Ressource (XVII, 345 Seiten) 
034M    $a21 illus., 8 illus. in color. 
039D    $aErscheint auch als $tContract Theory: Discrete- and Continuous-Time Models $dSingapore $eSpringer Nature Singapore $f2023 $z978-981-99-5486-5 $lSung, Jaeyoung $nDruck-Ausgabe 
044A    $aMicroeconomics $S#0 $N650 
044A    $aSocial sciences $S#0 $xMathematics $N650 
044A    $aBusiness enterprises $S#0 $xFinance $N650 
044A    $aMicroeconomics $S14 $N650 
044A    $aMathematics in Business, Economics and Finance $S24 $N650 
044A    $aCorporate Finance $S24 $N650 
044K    $RWirtschaftstheorie $RVolkswirtschaftslehre $#Microeconomics $#Microéconomie $#Microeconomía $#Mikroökonomik $#Mikroökonomie $#Mikroökonomie $#Mikroökonomik $D20251120 $Ecgmnf $74039225-9 $8Mikroökonomie [Ts1] $9085106909 
044K    $RArbeitsmarkttheorie $RTransaktionskostenansatz $#Vertragstheorie $#Kontrakttheorie $#Vertragstheorie Wirtschaftstheorie $D20251120 $Ecgmnf $74128260-7 $8Kontrakttheorie [Ts1] $9085444480 
045B    $a338.5 $eDDC23eng 
045B    $a330.0151 $eDDC23eng 
045Z    $D20251120 $Ecgmnf $8QC 131 [Tkv] $9411124420 

lok: 51454004 3
101B    $011-01-24 $t11:30:18.000 
101C    $011-01-24 
101U    $0utf8 
145S/01 $a008 

exp: 51454004 3 1 #EPN
201B/01 $011-01-24 $t11:30:17.000 
201C/01 $009-01-24 
201U/01 $0utf8 
203@/01 $01254045171 
204P/01 $010.1007/978-981-99-5487-2 $SV953 
208@/01 $a09-01-24 $bl 
209B/01 $a502 $x05 

lok: 51454004 5

exp: 51454004 5 1 #EPN
201B/01 $009-01-24 $t23:06:17.788 
201C/01 $009-01-24 
201U/01 $0utf8 
203@/01 $0125404518X 
204P/01 $010.1007/978-981-99-5487-2 $SV953 
208@/01 $a09-01-24 $bl 

lok: 51454004 20

exp: 51454004 20 1 #EPN
201B/01 $009-01-24 $t23:06:17.791 
201C/01 $009-01-24 
201U/01 $0utf8 
203@/01 $01254045198 
204P/01 $010.1007/978-981-99-5487-2 $SV953 
208@/01 $a09-01-24 $bl 

lok: 51454004 21

exp: 51454004 21 1 #EPN
201B/01 $009-01-24 $t23:06:17.794 
201C/01 $009-01-24 
201U/01 $0utf8 
203@/01 $01254045201 
204P/01 $010.1007/978-981-99-5487-2 $SV953 
208@/01 $a09-01-24 $bl 

lok: 51454004 205

exp: 51454004 205 1 #EPN
201B/01 $003-11-25 $t19:50:47.000 
201C/01 $003-11-25 
201U/01 $0utf8 
203@/01 $01321389078 
204P/01 $010.1007/978-981-99-5487-2 
208@/01 $a03-11-25 $bo 
209B/01 $aebo $x05 
209B/01 $asxf $x06 
237A/01 $aE-Book ggfs. nicht dauerhaft im Bestand. Zugang entfaellt am: 31.12,2026
LEADER 00000cam a22000002c 4500
001 514540044
003 DE-603
005 20260316204550.0
007 cr||||||||||||
008 240109s2023 xx |||| o| u00||u|eng c
020 |a 9789819954872 
020 |a 9819954878 
024 7 |a 10.1007/978-981-99-5487-2  |2 doi 
028 5 2 |a SpringerNature-41170 
028 5 2 |a SpringerNature-43720 
035 |a (DE-599)HEB514540044 
035 |a (OCoLC)1419883190 
040 |a DE-603  |b ger  |c DE-603  |d DE-603  |e rda 
041 |a eng 
082 7 |a 338.5  |2 23/eng 
083 7 |a 330.0151  |2 23/eng 
084 |a QC 131  |0 (DE-625)141249:  |0 (DE-603)411124420  |2 rvk 
100 1 |a Sung, Jaeyoung  |e Verfasser  |4 aut 
245 0 0 |a Contract Theory: Discrete- and Continuous-Time Models  |c by Jaeyoung Sung 
250 |a 1st ed. 2023 
264 1 |a Singapore  |b Springer Nature Singapore  |c 2023 
264 2 |a Cham  |b Springer International Publishing AG 
300 |a 1 Online-Ressource (XVII, 345 Seiten)  |b 21 illus., 8 illus. in color. 
336 |a Text  |b txt  |2 rdacontent 
337 |a Computermedien  |b c  |2 rdamedia 
338 |a Online-Ressource  |b cr  |2 rdacarrier 
650 7 |a Mikroökonomie  |0 (DE-588)4039225-9  |0 (DE-603)085106909  |2 gnd 
650 7 |a Kontrakttheorie  |0 (DE-588)4128260-7  |0 (DE-603)085444480  |2 gnd 
776 0 8 |i Erscheint auch als  |n Druck-Ausgabe  |a Sung, Jaeyoung  |t Contract Theory: Discrete- and Continuous-Time Models  |d Singapore : Springer Nature Singapore, 2023  |z 9789819954865 
776 1 |z 978--981995486-5 
776 1 |z 978--981995488-9 
776 1 |z 978--981995489-6 
856 |u https://doi.org/10.1007/978-981-99-5487-2  |x Resolving-System 
856 4 2 |m X:DE-He213  |q text/html  |u http://scans.hebis.de/HEBCGI/show.pl?51454004_toc.html  |3 Inhaltsverzeichnis 
856 4 2 |m X:DE-He213  |q text/html  |u http://scans.hebis.de/HEBCGI/show.pl?51454004_aub.html  |3 Ausführliche Beschreibung 
912 |a ZDB-2-ECF 
924 1 |9 603  |a (DE-603)1254045171  |b DE-603  |c HES  |d d 
924 1 |9 603  |a (DE-603)125404518X  |b DE-603  |c HES  |d d 
924 1 |9 603  |a (DE-603)1254045198  |b DE-603  |c HES  |d d 
924 1 |9 603  |a (DE-603)1254045201  |b DE-603  |c HES  |d d 
924 1 |9 603  |a (DE-603)1321389078  |b DE-603  |c HES  |d d